Famous People from Fargo by Picture - Statistics

General Stats
  • This quiz has been taken 9 times
  • The average score is 10 of 60
Answer Stats
Picture Hint Answer % Correct
Model / TV Host / Pageant Winner (born 1994) Audra Mari
67%
Baseball Player (1934-1985) Roger Maris
67%
Governor (born 1956) Doug Burgum
44%
U.S. Senator (1922-2019) Jocelyn Burdick
44%
Mixed Martial Artist (born 1985) Timothy Johnson
44%
Baseball Player & Manager (born 1973) Chris Coste
33%
U.S. Secret Service Agent (born 1932) Clint Hill
33%
U.S. Representative from Minnesota (born 1944) Collin Peterson
33%
Singer (1943-2016) Bobby Vee
22%
Author (born 1972) Chuck Klosterman
22%
Football Player (born 1993) Connor McGovern
22%
Mayor (1941-2014) Dennis Walaker
22%
Racecar Driver (born 1977) Donny Schatz
22%
Lt. Governor / State Attorney General / U.S. Attorney (born 1965) Drew Wrigley
22%
U.S. Secretary of Agriculture / Governor (born 1946) Ed Schafer
22%
Runner (born 1991) Laura Roesler
22%
Figure Skater (born 1980) Mark Ladwig
22%
Journalist / Pageant Winner (born 1977) Roxana Saberi
22%
Golfer (born 1989) Tom Hoge
22%
Stand-Up Comedian (born 1981/1982) Adam Quesnell
11%
Football Coach (born 1970) Andy Bischoff
11%
Football Player & Coach (born 1967) Andy Heck
11%
Radio Journalist (born 1978) Ari Shapiro
11%
Model / TV Personality (born 1984) CariDee English
11%
Lt. Governor (1927-2004) Charles Tighe
11%
Lawyer / Actor (born 1978) Charlie Korsmo
11%
Guitarist (born 1950) Dakota Dave Hull
11%
Football Player (born 1995) Dan Arnold
11%
Hockey Player (born 1984) Danny Irmen
11%
Football Player & Coach / Radio Personality (born 1954) Dave Logan
11%
Organizational Theorist / Consultant / Professor Emeritus (born 1938) David Aaker
11%
TV & Radio Host / Political Commentator / News Anchor & Sports Broadcaster (1954-2018) Ed Shultz
11%
Baseball Player (born 1993) Erik Swanson
11%
Football Player (born 1942) Gary Larsen
11%
Baseball Player (born 1956) Gary Serum
11%
Mayor (1918-1993) Herschel Lashkowitz
11%
Astronaut / Aviator (born 1945) James Buchli
11%
First Lady of North Dakota (1922-2013) Jean Guy
11%
Writer / Activist / Filmmaker / Lecturer (born 1970) Jennifer Baumgardner
11%
Hockey Player (born 1981) John Olson
11%
Musician (born 1981) Jonny Lang
11%
Mixed Martial Artist (1990-2016) Jordan Parsons
11%
Actress (born 1971) Leslie Stefanson
11%
North Dakota Senate Minority Leader / U.S. Attorney (born 1979) Mac Schneider
11%
U.S. Assistant Attorney General / Director of the National Counterterrorism Center (born 1962) Matt Olsen
11%
Racecar Driver (born 1985) Natalie Sather
11%
Author / Clinical Researcher (born 1953) Neal D. Barnard
11%
Mixed Martial Artist (born 1983) Pablo Garza
11%
Hockey Player (born 1982) Paul Gaustad
11%
Musician / Parodist (born 1935) Peter Schickele
11%
Art Critic / Poet / Educator (1942-2022) Peter Schjeldahl
11%
Visual Effects Artist / Inventor (born 1940) Richard Edlund
11%
Soccer Player (born 1991) Sean Totsch
11%
Baseball Player (born 1988) Seth Rosin
11%
Zoologist (born 1950) Steven Amstrup
11%
Actor / Writer (born 1978) Timm Sharp
11%
Actress / Singer (1910-1982) Virginia Bruce
11%
Author / Critic (1924-2017) William Gass
11%
Basketball Coach (1926-2021) Bruce Larson
0%
Physiologist (1913-2005) David Minard
0%
No matching quizzes found
Score Distribution
Percent of People with Each Score
Percentile by Number Answered
Your Score History
You have not taken this quiz